书目信息 |
| 题名: |
微课资源的建设与应用
|
|
| 作者: | 邬厚民 著 | |
| 分册: | ||
| 出版信息: | 长春 东北师范大学出版社 2017 |
|
| 页数: | 241页 | |
| 开本: | 24cm | |
| 丛书名: | ||
| 单 册: | ||
| 中图分类: | G434 , G436 | |
| 科图分类: | ||
| 主题词: | 多媒体课件--duo mei ti ke jian--制作 | |
| 电子资源: | ||
| ISBN: | 978-7-5681-3051-6 | |
| 000 | 01399cam0 2200289 450 | |
| 001 | 012001003077 | |
| 005 | 20130125084352.0 | |
| 010 | @a978-7-5681-3051-6@dCNY52.00 | |
| 099 | @aCAL 012018041349 | |
| 100 | @a20180319d2017 em y0chiy50 ea | |
| 101 | 0 | @achi |
| 102 | @aCN@b220000 | |
| 105 | @ay a 000yy | |
| 106 | @ar | |
| 200 | 1 | @a微课资源的建设与应用@Awei ke zi yuan de jian she yu ying yong@f邬厚民著 |
| 210 | @a长春@c东北师范大学出版社@d2017 | |
| 215 | @a241页@d24cm | |
| 314 | @a邬厚民,男,副教授、软件工程硕士、广州科技贸易职业学院信息工程学院院长、动漫设计与制作专业带头人、广州市优秀教师等。现任广东省计算机学会理事、美国好莱坞3D电影工会会员等。 | |
| 320 | @a有书目 (第241页) | |
| 330 | @a互联网信息时代的到来,使得教育界的教育方式和方法都得到了突飞猛进的发展和进步,微课是近年来新兴的一种非正式学习方式,它在学习内容上具有短小精悍的特点,在学习设备上常常以移动终端作为载体,但是不仅仅以移动终端为载体,具有闲暇学习,流动学习,趣味学习,充电学习的特点,符合现代学生的学习方式和思维方式,迎来了发展的春天。本书采用理论分析、案例研究等研究方法以是什么、为什么、怎么办的思想就微资源建设与应用的相关知识进行了系统的分析和研究。 | |
| 333 | @a高等院校师生及相关读者。 | |
| 606 | 0 | @a多媒体课件@Aduo mei ti ke jian@x制作 |
| 690 | @aG434@v5 | |
| 690 | @aG436@v5 | |
| 701 | 0 | @a邬厚民@Awu hou min@4著 |
| 801 | 2 | @aCN@b江苏凤凰@c20191020 |
| 905 | @b1217112-5@dG434@e174@f4 | |
| 微课资源的建设与应用/邬厚民著.-长春:东北师范大学出版社,2017 |
| 241页;24cm |
| 使用对象:高等院校师生及相关读者。 |
| ISBN 978-7-5681-3051-6:CNY52.00 |
| 互联网信息时代的到来,使得教育界的教育方式和方法都得到了突飞猛进的发展和进步,微课是近年来新兴的一种非正式学习方式,它在学习内容上具有短小精悍的特点,在学习设备上常常以移动终端作为载体,但是不仅仅以移动终端为载体,具有闲暇学习,流动学习,趣味学习,充电学习的特点,符合现代学生的学习方式和思维方式,迎来了发展的春天。本书采用理论分析、案例研究等研究方法以是什么、为什么、怎么办的思想就微资源建设与应用的相关知识进行了系统的分析和研究。 |
| ● |
| 相关链接 |
|
|
|
|
正题名:微课资源的建设与应用
索取号:G434/174
 
预约/预借
| 序号 | 登录号 | 条形码 | 馆藏地/架位号 | 状态 | 备注 |
| 1 | 1217112 | 212171120 | 第一样本阅览室/ [索取号:G434/174] | 在馆 | |
| 2 | 1217113 | 212171139 | 教育系资料室/ [索取号:G434/174] | 在馆 | |
| 3 | 1217114 | 212171148 | 教育系资料室/ [索取号:G434/174] | 在馆 | |
| 4 | 1217115 | 212171157 | 第四借阅区/ [索取号:G434/174] | 在馆 |